Normal view
MARC view
- Jean J, Labrosse
Entry Personal Name
001 - CONTROL NUMBER
- control field: 127350
003 - CONTROL NUMBER IDENTIFIER
- control field: NUST
005 - DATE AND TIME OF LATEST TRANSACTION
- control field: 20250103103518.0
008 - FIXED-LENGTH DATA ELEMENTS
- fixed length control field: 250103|| aca||aabn | a|a d
040 ## - CATALOGING SOURCE
- Original cataloging agency: NUST
- Transcribing agency: NUST
100 ## - HEADING--PERSONAL NAME
- Personal name: Jean J, Labrosse
670 ## - SOURCE DATA FOUND
- Source citation: Work cat.: (NUST): Jean J, Labrosse , Ebedded system building blocks , 1995.
